السيطرة على النفس / (رقم التسجيلة. 61765)

تفاصيل مارك
000 -LEADER
fixed length control field 00537nam a22001817a 4500
005 - DATE AND TIME OF LATEST TRANSACTION
control field 20251108171745.0
008 - FIXED-LENGTH DATA ELEMENTS--GENERAL INFORMATION
fixed length control field 250721s1994 xx 000 0 ara d
082 14 - DEWEY DECIMAL CLASSIFICATION NUMBER
Classification number 128.3/سيط
245 10 - TITLE STATEMENT
Title السيطرة على النفس /
250 ## - EDITION STATEMENT
Edition statement ط5 .، منقحة و مزيدة
264 1# - PRODUCTION, PUBLICATION, DISTRIBUTION, MANUFACTURE, AND COPYRIGHT NOTICE
Place of production, publication, distribution, manufacture بيروت :
Name of producer, publisher, distributor, manufacturer دار الآفاق الجديدة،
Date of production, publication, distribution, manufacture, or copyright notice 1994.
300 ## - PHYSICAL DESCRIPTION
Extent 144ص
490 0# - SERIES STATEMENT
Series statement السيكولوجية المبسطة
650 17 - SUBJECT ADDED ENTRY--TOPICAL TERM
Topical term or geographic name as entry element الإرادة
650 17 - SUBJECT ADDED ENTRY--TOPICAL TERM
Topical term or geographic name as entry element الصحة النفسية
942 ## - ADDED ENTRY ELEMENTS (KOHA)
Source of classification or shelving scheme Dewey Decimal Classification
Koha item type كتب
المقتنيات
حالة السحب حالة الفقدان مصدر التصنيف حالة التلف غير قابل للإعارة المكتبة الرئيسية المكتبة الحالية موقع الرف تاريخ التزويد الرقم المتسلسل Total Checkouts رقم الإستدعاء تاريخ آخر ظهور تاريخ الفاتورة نوع المادة (كوها) الباركود
    Dewey Decimal Classification Unchecked   مكتبة الأميرة ايمان العامة مكتبة الأميرة ايمان العامة الإعارة 06/07/2004 10606   128.3/سيط 28/07/2025 06/07/2004 كتب  
    Dewey Decimal Classification     مكتبة النصر العامة مكتبة النصر العامة الإعارة 01/10/2014 9231.   128.3/سيط 28/07/2025 01/10/2014 كتب PLD00308159
    Dewey Decimal Classification     مكتبة صويلح العامة مكتبة صويلح العامة الإعارة 30/07/2015 013531   128.3/سيط 28/07/2025 30/07/2015 كتب PLD00339757
Implemented & Customized by: BBB with SCIT (Smart Chains for Information Technology)

Powered by Koha